| 000 | 01186cam a2200193 a 4500 | ||
|---|---|---|---|
| 020 | _a0300073488 (cloth : alk. paper) | ||
| 020 | _a0300069987 (pbk. : alk. paper) | ||
| 040 | _cDLC | ||
| 082 | 0 | 0 | _a709 YAL 1998 C158 Or. |
| 245 | 0 | 0 | _aReading American art / |
| 260 |
_aNew Haven, Conn. : _bYale University Press, _cc1998. |
||
| 300 |
_aix, 470 p. : _bill., ports. ; _c24 cm. |
||
| 520 | _a"This anthology brings together twenty works of recent scholarship on the history of the visual arts in the United States from the colonial period to 1945. The selected essays - all written within the past two decades - reflect the interdisciplinary character of current art historiography in America and the variety of approaches that contribute to the dynamism in the field. The authors take up diverse subject - from colonial portraits to nineteenth-century sculptures of women to photographic images of New York - and invite those with a general knowledge of the history of American art to think more deeply about art and culture."--BOOK JACKET. | ||
| 650 | 0 | _aArt, American. | |
| 650 | 0 | _aArt, American | |
| 700 | 1 | _aDoezema, Marianne, | |
| 700 | 1 | _aMilroy, Elizabeth, | |
| 942 | _cAEDBB | ||
| 999 |
_c19031 _d19031 |
||